OECD environmental data compendium 2004
Enregistré dans:
| Format: | Livre |
|---|---|
| Langue: | anglais français |
| Publié: |
Paris
OECD
2005
|
| Sujets: | |
| Tags: |
Pas de tags, Soyez le premier à ajouter un tag!
|
MARC
| LEADER | 00000nam a2200000 4500 | ||
|---|---|---|---|
| 001 | 0032351 | ||
| 005 | 20240104114853.0 | ||
| 020 | |a 92-64-00798-9 | ||
| 041 | 0 | |a eng | |
| 041 | 0 | |a fre | |
| 044 | |a FR | ||
| 245 | 1 | 0 | |a OECD environmental data |b compendium 2004 |
| 264 | 1 | |a Paris |b OECD |c 2005 | |
| 300 | |a 323 s. | ||
| 610 | 2 | 0 | |a prostredie životné |
| 610 | 2 | 0 | |a čistota ovzdušia |
| 610 | 2 | 0 | |a čistota vôd |
| 610 | 2 | 0 | |a ekonomika environmentálna |
| 610 | 2 | 0 | |a výdavky |
| 610 | 2 | 0 | |a dane |
| 610 | 2 | 0 | |a dohody medzinárodné |
| 610 | 2 | 0 | |a energetika |
| 610 | 2 | 0 | |a doprava |
| 610 | 2 | 0 | |a priemysel |
| 610 | 2 | 0 | |a poľnohospodárstvo |
| 610 | 2 | 0 | |a údaje štatistické |
| 610 | 2 | 0 | |a porovnanie štatistické medzinárodné |
| 610 | 2 | 0 | |a OECD |